000 01321nam a22002177a 4500
005 20260129121543.0
010 _aB-776285-296 20BACCHHN25 B-777955
020 _a9789390848218
_c350.00
035 _aB-776285-296
035 _aB-777955
037 _bकार्तिक प्रकाशन
082 _a
100 _aपाण्डे, करूणा
_987030
245 _aचारित्रिक और बौध्दिक विकास की कहानियाँ /
_cकरूणा पाण्डे
260 _aपिलानी
_bकार्तिक प्रकाशन
_c2023
270 _bपिलानी (राज.)
_aबी-45, प्रथम मंजिल गणेश कॉलोनी
_e333031
_k01596- 245518
300 _a64पृ.
_c24 सेमी (सजिल्द)
_bसचित्र
942 _2ddc
_cCH
_mपाण्डेक
_h
999 _c209628
_d209628